LIBRARY & INFORMATION CENTRE, KCAET, TAVANUR

ONLINE PUBLIC ACCESS CATALOGUE (OPAC)

Applied thermodynamics for engineering technologists / (Record no. 10559)

MARC details
000 -LEADER
fixed length control field 00487cam a2200181ua 4500
003 - CONTROL NUMBER IDENTIFIER
control field OSt
008 - FIXED-LENGTH DATA ELEMENTS--GENERAL INFORMATION
fixed length control field 180917b ||||| |||| 00| 0 eng d
020 ## - INTERNATIONAL STANDARD BOOK NUMBER
ISBN 0582305357
082 ## - DEWEY DECIMAL CLASSIFICATION NUMBER
Classification number 621.4021
Item number EAS/AP
100 ## - MAIN ENTRY--AUTHOR NAME
Personal name Eastop, T.D.
245 ## - TITLE STATEMENT
Title Applied thermodynamics for engineering technologists /
250 ## - EDITION STATEMENT
Edition statement 4 /
260 ## - PUBLICATION, DISTRIBUTION, ETC. (IMPRINT)
Place of publication :
Name of publisher Longman scientific and technical ,
Year of publication 1986.
300 ## - PHYSICAL DESCRIPTION
Number of Pages 900 :
Other physical details 506 ; .
500 ## - GENERAL NOTE
General note *CSS
700 1# - ADDED ENTRY--PERSONAL NAME
Personal name McConkey, A .
942 ## - ADDED ENTRY ELEMENTS (KOHA)
Koha item type Books
Holdings
Withdrawn status Lost status Damaged status Home library Current library Shelving location Date acquired Full call number Accession Number Koha item type
      KAUAET KAUAET Scheme 17/09/2018 621.4021 EAS/AP 17945 Book Bank scheme for SC students
free website counter